Quentin Tarantino movies by actor - Statistics

General Stats
  • This quiz has been taken 119 times
  • The average score is 8 of 10
Answer Stats
Hint Answer % Correct
Uma thurman Kill Bill vol. 1
96%
Samuel jackson Pulp Fiction
94%
Jamie Foxx Django Unchained
92%
Brad pitt Once upon a time in hollywood
88%
Harvey Keitel Reservoir dogs
88%
Eli Roth Inglourious basterds
85%
Robert de niro Jackie Brown
75%
Tim Roth The hateful eight
70%
Michael madsen Kill Bill vol. 2
69%
Kurt Russel Death Proof
59%
No matching quizzes found
Score Distribution
Percent of People with Each Score
Percentile by Number Answered
Your Score History
You have not taken this quiz